000 00303nam a22001337a 4500
008 180125b xxu||||| |||| 00| 0 eng d
020 _a9780072486605
041 _aeng
080 _25 ed
_a330.722.6
100 _a62
101 _akon
245 _amanagerial accouting
_chilton.r.w
942 _2udc
_cBK
999 _c40933
_d40933